Digimon: Zufällige Digitationen - Statistiken

Allgemein
  • Dieses Quiz wurde 14 mal gespielt
  • Das Durchschnittsergebnis liegt bei 14 aus 20
Antwortstatistiken
Digimon 1 Digitation Digimon 2 % Korrekt
Koromon digitiert zu Agumon
100%
Patamon digitiert zu Angemon
100%
Gatomon Ultra-Digitation zu Angewomon
100%
Armadillomon digitiert zu Ankylomon
100%
Yokomon digitiert zu Biyomon
100%
Veemon Armor-Digitation (Mut) zu Flamedramon
100%
Agumon digitiert zu Greymon
100%
Guilmon digitiert zu Growlmon
100%
Gomamon digitiert zu Ikkakumon
100%
Angemon Ultra-Digitation zu MagnaAngemon
100%
Veemon goldene Armor-Digitation zu Magnamon
100%
Kabuterimon Ultra-Digitation zu MegaKabuterimon
100%
Gabumon Warp-Digitation zu MetalGarurumon
100%
Greymon Ultra-Digitation zu MetalGreymon
100%
Patamon Armor-Digitation zu Pegasusmon
100%
Wormmon digitiert zu Stingmon
100%
DemiVeemon digitiert zu Veemon
100%
Agumon Warp-Digitation zu WarGreymon
100%
Garurumon Ultra-Digitation zu WereGarurumon
100%
Ikkakumon Ultra-Digitation zu Zudomon
100%
Veemon digitiert zu ExVeemon
83%
Gabumon digitiert zu Garurumon
80%
Tentomon digitiert zu Kabuterimon
80%
Togemon Ultra-Digitation zu Lillymon
80%
Hawkmon digitiert zu Aquilamon
75%
Armadillomon Armor-Digitation (Wissen) zu Digmon
75%
Salamon digitiert zu Gatomon
75%
Renamon digitiert zu Kyubimon
75%
ExVeemon, Stingmon DNA-Digitation zu Paildramon
75%
Tanemon digitiert zu Palmon
75%
Tokomon digitiert zu Patamon
75%
Biyomon digitiert zu Birdramon
67%
Tsunomon digitiert zu Gabumon
67%
Birdramon Ultra-Digitation zu Garudamon
67%
Bukamon digitiert zu Gomamon
67%
Paildramon Mega-Digitation zu Imperialdramon
67%
Palmon digitiert zu Togemon
67%
Growlmon Matrix-Digitation zu WarGrowlmon
67%
Hawkmon Armor-Digitation (Liebe) zu Halsemon
60%
Veemon Armor-Digitation (Freundschaft) zu Raidramon
50%
Aquilamon, Gatomon DNA-Digitation zu Silphymon
50%
Upamon digitiert zu Armadillomon
33%
Kyubimon Matrix-Digitation zu Taomon
33%
Motimon digitiert zu Tentomon
33%
Guilmon Tamer-Matrix-Digitation zu Gallantmon
25%
Poromon digitiert zu Hawkmon
25%
Ankylomon, Angemon DNA-Digitation zu Shakkoumon
25%
Armadillomon Armor-Digitation (Zuverlässigkeit) zu Submarimon
25%
Nyaromon digitiert zu Salamon
20%
Terriermon digitiert zu Gargomon
0%
Terriermon Tamer-Matrix-Digitation zu MegaGargomon
0%
Gatomon Armor-Digitation zu Nefertimon
0%
Gargomon Matrix-Digitation zu Rapidmon
0%
Renamon Tamer-Matrix-Digitation zu Sakuyamon
0%
Hawkmon Armor-Digitation (Aufrichtigkeit) zu Shurimon
0%
Minomon digitiert zu Wormmon
0%
Keine übereinstimmenden Quizze gefunden
Verteilung der Resultate
Anzahl Personen mit jedem Resultat
Perzentil nach korrekt beantworteten Fragen
Ihre Resultats-Entwicklung
Sie haben dieses Quiz noch nicht gespielt